000 00625nam a22001817a 4500
999 _c11325
_d11325
003 AR-CdUCM
008 190403b ||||| |||| 00| 0 spa d
040 _aMUNICIPALIDAD PROVINCIAL DEL CUSCO
_cBIBLIOTECA MUNICIPAL DEL CUSCO
082 _a868.417 /
_bS21 / 1946
100 _aSanctis, Francisco de
_928643
245 _aEnsayos sobre la crítica /
260 _aBuenos Aires :
_bArgos,
_c1946.
300 _a151 páginas ;
_c21 cm.
505 _aLa crítica de Petrarca -- Una historia de la Literatura -- Jules Janin -- Jucio de Gernius...
650 _aCrítica literaria.
_92609
942 _2ddc
_cLIBROS
945 _awfj